WWE - Name a Valid Answer #8 - Statistics

General Stats
  • This quiz has been taken 140 times
  • The average score is 10 of 15
Answer Stats
Name a wrestler that ... Valid answer(s) % Correct
wrestled in a TLC match during 2001 Bubba Ray Dudley | Chris Benoit | Chris Jericho | Christian | D-Von Dudley | Edge | Jeff Hardy | Matt Hardy
94%
wrestled in the King of the Ring tournament in 2015 Bad News Barrett | Dean Ambrose | Dolph Ziggler | Luke Harper | Neville | R-Truth | Sheamus | Stardust
88%
won the Raw or Smackdown Women's Championship in 2020 Asuka | Sasha Banks
82%
faced The Shield in their debut 6-man tag team match at TLC 2012 Daniel Bryan | Kane | Ryback
82%
was a surprise entrant in the men's Royal Rumble match in 2021 or 2022 Bad Bunny | Carlito | Christian | The Hurricane | Johnny Knoxville | Kane | Shane McMahon
78%
won the ECW Championship in 2008 Chavo Guerrero | Kane | Mark Henry | Matt Hardy
71%
has won the Intercontinental Championship exactly three times Dean Ambrose | Goldust | John Morrison | Shawn Michaels | Shelton Benjamin
67%
won a Money in the Bank ladder match in 2010 Jack Swagger | Kane | The Miz
63%
won the Cruiserweight Championship in 2007 Chavo Guerrero | Hornswoggle
61%
won the European Championship in 2002 Diamond Dallas Page | Jeff Hardy | Rob Van Dam | Spike Dudley | William Regal
61%
won the Intercontinental Championship in the 1970s Pat Patterson
60%
was in the opening match of Summerslam 2003, 2004 or 2005 Billy Kidman | Bubba Ray Dudley | Chris Benoit | D-Von Dudley | Orlando Jordan | Paul London | René Duprée | Rey Mysterio | Spike Dudley | Sylvain Grenier
59%
has faced The Undertaker at WrestleMania in a Casket match Mark Henry
59%
won a Royal Rumble match that took place on an episode of Smackdown Chris Benoit | Eddie Guerrero | Kofi Kingston | The Undertaker
39%
Perry Saturn defeated to win any championship from Crash Holly | Eddie Guerrero
39%
No matching quizzes found
Score Distribution
Percent of People with Each Score
Percentile by Number Answered
Your Score History
You have not taken this quiz